Statistics for World Capitals Closest to South Tarawa - One Minute Sprint

Click here to take the quiz!

General Stats

  • This quiz has been taken 10 times
  • The average score is 13 of 20

Answer Stats

kmcapitalmiles% Correct
4749Wellington2951
100%
5282Dili3344
89%
1294Funafuti804
89%
1764Palikir1096
89%
3113Port Moresby1934
89%
2186Port Vila1358
89%
2383Apia1481
78%
4779Canberra2970
78%
1882Honiara1170
78%
665Majuro413
78%
2248Suva1397
78%
713Yaren443
78%
5908Manila3671
67%
4316Ngerulmud2682
67%
2812Nuku'alofa1747
67%
6113Taipei3799
33%
5144Tokyo3196
33%
6192Seoul3848
22%
2938A{lofi}1826
11%
3880A{varua}2411
11%

Score Distribution

Percentile by Number Answered

Percent of People with Each Score

Your Score History

You have not taken this quiz